00310nam a22000977a 4500082001400000100002300014245009500037260004700132300000700179650002600186 a305.3 KUM aKumar, Santhosh S. aA Guid to Inclusive Language For Theological Students, Christian Ministers and Lay Leaders aBanglorebUnited Theoligical Collegec2012 a53 aGender Discrimination